Top Cities by Scientific Output - Statistics

General Stats
  • This quiz has been taken 114 times
  • The average score is 16 of 20
Answer Stats
Rank Country City % Correct
1 China Beijing
97%
2 US New York
97%
7 Japan Tokyo
97%
10 US Los Angeles
96%
9 France Paris
96%
5 China Shanghai
95%
13 South Korea Seoul
94%
11 UK London
93%
16 Singapore Singapore
92%
3 US Boston
87%
12 US Chicago
87%
17 Switzerland Zürich
87%
4 US San Francisco
86%
15 China Wuhan
77%
14 China Guangzhou
76%
6 US Baltimore/Washington
74%
18 UK Cambridge
65%
8 China Nanjing
54%
19 US San Diego
48%
20 China Hefei
20%
No matching quizzes found
Score Distribution
Percent of People with Each Score
Percentile by Number Answered
Your Score History
You have not taken this quiz